Statistics for Scripture(s) for each Christian Denominations

Click here to take the quiz!

General Stats

  • This quiz has been taken 24 times
  • The average score is 12 of 18

Answer Stats

HintAnswer% Correct
Lutherans (1)Bible
100%
Presbyterians (1)Bible
100%
Orthodox (1)Bible
100%
Quakers (1)Bible
78%
Pentecostals (1)Bible
78%
Seventh-Day Adventists (1)Bible
78%
Methodists (1)Bible
78%
Shakers (1)Bible
78%
Congregationalists (1)Bible
78%
Baptists (1)Bible
78%
Mennonites (1)Bible
78%
Salvation Army (1)Bible
67%
Amish (1)(specific translation)German Bible
67%
Unitarian Universalists (1)Any
33%
Episcopalians (2)Bible and Book of Common Prayer
33%
Christian Science (2)Bible and Science and Health
22%
Mormons (4)Bible, Book of Mormon, Doctrines and Covenants, and the Pearl of Great Price
22%
Jehovah’s witnesses (1)(specific translation)Watchtower Bible
22%

Score Distribution

Percentile by Number Answered

Percent of People with Each Score

Your Score History

You have not taken this quiz